00523nam a2200145Ia 4500008004100000041000800041082001700049100001700066245004500083260004400128300002400172365001100196999001700207952015300224240624s9999 xx 000 0 und d aeng a658.4012 BAR aBARNEY JAY B aWHAT I DIDN T LEARN IN BUSINESS SCHOOL H c2010aNew DelhibHarvard Business Press a234 : p. : cm. ; 22 cRSb25 c17343d17343 00104070aIMTNbIMTNcRack 28-Ad2011-07-04eAPg695.00l5m3o658.4012 BARp17343q2026-01-18r2026-01-08 16:32:50s2026-01-08t1w2024-06-24yBK